The grand chessboard : (Record no. 1144)

000 -LEADER
fixed length control field 03241nam a22007937a 4500
001 - CONTROL NUMBER
control field 4961928
003 - CONTROL NUMBER IDENTIFIER
control field LIBRIS
005 - DATE AND TIME OF LATEST TRANSACTION
control field 20241030092424.0
008 - FIXED-LENGTH DATA ELEMENTS--GENERAL INFORMATION
fixed length control field 011211s1997 xxu|||||||||||001 0|eng|c
020 ## - INTERNATIONAL STANDARD BOOK NUMBER
International Standard Book Number 0465027261
Qualifying information pbk.
020 ## - INTERNATIONAL STANDARD BOOK NUMBER
International Standard Book Number 0465027253
Qualifying information hbk.
040 ## - CATALOGING SOURCE
Original cataloging agency Ui
Description conventions eng
Language of cataloging eng
Transcribing agency DLC
041 ## - LANGUAGE CODE
Language code of text/sound track or separate title eng
080 ## - UNIVERSAL DECIMAL CLASSIFICATION NUMBER
Universal Decimal Classification number 32
Item number B-91
080 ## - UNIVERSAL DECIMAL CLASSIFICATION NUMBER
Universal Decimal Classification number (73)327.000.91
080 ## - UNIVERSAL DECIMAL CLASSIFICATION NUMBER
Universal Decimal Classification number 327
080 ## - UNIVERSAL DECIMAL CLASSIFICATION NUMBER
Universal Decimal Classification number (73)327
080 ## - UNIVERSAL DECIMAL CLASSIFICATION NUMBER
Universal Decimal Classification number (73)327.000.91
080 ## - UNIVERSAL DECIMAL CLASSIFICATION NUMBER
Universal Decimal Classification number 327
082 #4 - DEWEY DECIMAL CLASSIFICATION NUMBER
Classification number 327.73
Edition number 21
084 ## - OTHER CLASSIFICATION NUMBER
Classification number Ob
Number source kssb/6
084 ## - OTHER CLASSIFICATION NUMBER
Classification number Kqa.59
Number source kssb/6
084 ## - OTHER CLASSIFICATION NUMBER
Classification number K.59
Number source kssb/6
084 ## - OTHER CLASSIFICATION NUMBER
Classification number Kqa.59
Number source kssb/6
084 ## - OTHER CLASSIFICATION NUMBER
Classification number K.59
Number source kssb/6
084 ## - OTHER CLASSIFICATION NUMBER
Classification number Ob
Number source kssb/6
100 1# - MAIN ENTRY--PERSONAL NAME
Personal name Brzezinski, Zbigniew,
Dates associated with a name 1928-2017
Authority record control number or standard number https://libris.kb.se/gdsvvmh05j5fcn8#it
245 04 - TITLE STATEMENT
Title The grand chessboard :
Remainder of title American primacy and its geostrategic imperatives /
Statement of responsibility, etc. / by: Basic Books
250 ## - EDITION STATEMENT
Edition statement 1st edition
260 ## - PUBLICATION, DISTRIBUTION, ETC.
Place of publication, distribution, etc. New York
Name of publisher, distributor, etc. Basic Books
Date of publication, distribution, etc. 1997
300 ## - PHYSICAL DESCRIPTION
Extent 223 p.
Other physical details ill.
365 ## - TRADE PRICE
Price amount 17.50 usd
650 #7 - SUBJECT ADDED ENTRY--TOPICAL TERM
Topical term or geographic name entry element Supermakterna
Authority record control number or standard number https://id.kb.se/term/sao/Supermakterna
Source of heading or term sao
650 #0 - SUBJECT ADDED ENTRY--TOPICAL TERM
Topical term or geographic name entry element Politics
9 (RLIN) 443
650 #7 - SUBJECT ADDED ENTRY--TOPICAL TERM
Topical term or geographic name entry element Utrikespolitik: USA
Source of heading or term sao
650 #0 - SUBJECT ADDED ENTRY--TOPICAL TERM
Topical term or geographic name entry element Geopolitics
Geographic subdivision United States
General subdivision History
Chronological subdivision 20th century
650 #0 - SUBJECT ADDED ENTRY--TOPICAL TERM
Topical term or geographic name entry element Geopolitics
General subdivision History
Chronological subdivision 20th century
650 #0 - SUBJECT ADDED ENTRY--TOPICAL TERM
Topical term or geographic name entry element World politics
Chronological subdivision 1989-
650 #4 - SUBJECT ADDED ENTRY--TOPICAL TERM
Topical term or geographic name entry element Internationell politik
651 #0 - SUBJECT ADDED ENTRY--GEOGRAPHIC NAME
Geographic name United States
General subdivision Foreign relations
Chronological subdivision 1989-
651 #0 - SUBJECT ADDED ENTRY--GEOGRAPHIC NAME
Geographic name Eurasia
General subdivision Strategic aspects
653 ## - INDEX TERM--UNCONTROLLED
Uncontrolled term პოლიტიკა
653 ## - INDEX TERM--UNCONTROLLED
Uncontrolled term გეოპოლიტიკა
887 ## - NON-MARC INFORMATION FIELD
Content of non-MARC field {"@id":"8rkbcctl3bj4cwp","modified":"2018-10-30T23:00:00+01:00","checksum":"103082308549"}
Source of data librisxl
887 ## - NON-MARC INFORMATION FIELD
Content of non-MARC field {"@id":"v05rzhq10l083pq","modified":"2005-06-14T10:18:53+02:00","checksum":"83190120278"}
Source of data librisxl
887 ## - NON-MARC INFORMATION FIELD
Content of non-MARC field {"@id":"04clqbl55q1crst","modified":"2017-05-22T09:45:58+02:00","checksum":"75495301800"}
Source of data librisxl
887 ## - NON-MARC INFORMATION FIELD
Content of non-MARC field {"@id":"qv1mtckw5ctkd2s","modified":"2012-12-03T13:59:02+01:00","checksum":"83509672717"}
Source of data librisxl
887 ## - NON-MARC INFORMATION FIELD
Content of non-MARC field {"@id":"37f2ds385p0vcmx","modified":"2014-03-27T10:44:19+01:00","checksum":"73233409737"}
Source of data librisxl
887 ## - NON-MARC INFORMATION FIELD
Content of non-MARC field {"@id":"rw2nvdlx2srwwjt","modified":"2018-06-05T17:46:17.601+02:00","checksum":"69524533215"}
Source of data librisxl
887 ## - NON-MARC INFORMATION FIELD
Content of non-MARC field {"@id":"chncf5xj2s38p8m","modified":"2016-08-22T09:37:32+02:00","checksum":"67794397231"}
Source of data librisxl
887 ## - NON-MARC INFORMATION FIELD
Content of non-MARC field {"@id":"049131s50084xpw","modified":"2003-11-03T11:55:28+01:00","checksum":"72772289350"}
Source of data librisxl
900 1s - EQUIVALENCE OR CROSS-REFERENCE-PERSONAL NAME [LOCAL, CANADA]
Linkage 100
Dates associated with a name 1928-2017
Affiliation Brzezinski, Zbigniew,
Dates associated with a name 1928-2017
942 ## - ADDED ENTRY ELEMENTS (KOHA)
Source of classification or shelving scheme
Koha item type Books
Edition 1
Holdings
Withdrawn status Lost status Source of classification or shelving scheme Damaged status Not for loan Permanent location Current location Date acquired Inventory number Total Checkouts Full call number Barcode Date last seen Price effective from Koha item type
          Ken Walker International University Ken Walker International University 02/03/2021 478   32 B-91 478 02/03/2021 02/03/2021 Books

Powered by Koha